000 00542nam a2200181 i 4500
001 28826
003 ES-MaACL
005 20230906153933.0
007 t|
008 030120s1977 ho ||||1| spa d
100 1 _aAzuela, Francisco.
_924374
245 1 3 _aEl maldicionero /
_cFrancisco Azuela ; portada [e ilustraciones] Sergio Carrasco.
250 _a[1ª ed.].
260 _aTegucigalpa :
_b[s.n.,
_c1977] (
_fLópez)
300 _a168 p. :
_bil. ;
_c19 cm.
700 1 _aCarrasco, Sergio.
_935539
852 _aES-MaACL
_jA-8117
_bR.97221
999 _c28826
_d28826